Chaîne de lettres Pokémon 2g - Statistiques

Statistiques générales
  • Ce quiz a été pris 50 fois
  • Le résultat moyen est 10 sur 15
Statistiques - réponses
Hint Réponse % Correct
Évolution final de Nosferapti Nostenfer
100%
Starter Plante Germignon
90%
Pré-évolution d'Octillery Remoraid
90%
Donne du lait meuh-meuh Écrémeuh
85%
Légendaire d'Or Ho-oh
82%
Pré-évolution de coxyclaque Coxy
79%
Évolution d'Insécateur Cizayox
74%
Évolue avec la Pré-évolution d'Octillery Demanta
59%
Évolution de l'Oeuf d'Ondine Togetic
56%
Il faut soigner sont évolution dans un phare Lainergie
54%
Il peut évoluer avec un bloc de tourbe pendant la pleine lune Ursaring
51%
Il voit l'avenir et le passé en même temps Xatu
46%
Pseudo-légendaire Ymphect
44%
A gagné le type fée en 6g Azumarill
36%
C'est une des oeuvres de Colza Héliatronc
36%
Aucun quiz correspondant
Distribution des résultats
% des personnes avec chaque résultat
Percentile par nombre de réponses
Votre historique - résultats
Vous n’avez pas pris ce quiz